000 00586cam a22002171 4500
001 sa 65002109
003 DLC
005 20260227112114.0
008 890907s1964 ii ac 000 0 telo
010 _asa 65002109
035 _a(OCoLC)20312765
040 _aDLC
_cWaU
_dDLC
042 _apremarc
050 0 0 _aE842.9
_b.V4
100 1 _aVenkateswararao, Potluri,
_d1931-
245 1 0 _aKenneḍīhatya kēsu.
260 _c[1964]
300 _a110 p.
_billus., ports.
_c16 cm.
500 _aIn Telugu.
600 1 0 _aKennedy, John F.
_q(John Fitzgerald),
_d1917-1963
_xAssassination.
999 _c62450
_d62450